000 00708nam a2200229Ii 4500
003 JO-AjNU
008 230605s9999||||xx |||||||||||||| ||und||
017 _a2004/3/716
020 _a9957-16-025-7
040 _aJO-AjNU
_bara
_erda
_cJO-AjNU
041 _aara
050 1 4 _aJX678.M8784.2010
100 3 _aموسى ، طالب حسن ,
_eauthor
_925314
245 0 0 _aقانون التجارة الدولية
250 _aط 10
264 3 1 _aعمان : دار الثقافة ، 2010
300 _a448ص
336 _atext
_btxt
_2rdacontent
337 _aunmediated
_bn
_2rdamedia
338 _avolume
_bnc
_2rdacarrier
650 4 _aالتجارة الدولية -- القانون الخاص
_925315
999 _aA9451
_c13019
_d13019